Normal view MARC view

Entry Topical Term

Number of records used in: 1

001 - CONTROL NUMBER

  • control field: 2964

003 - CONTROL NUMBER IDENTIFIER

  • control field: OSt

005 - DATE AND TIME OF LATEST TRANSACTION

  • control field: 20150226122609.0

008 - FIXED-LENGTH DATA ELEMENTS

  • fixed length control field: 150226|| aca||aabn | a|a d

040 ## - CATALOGING SOURCE

  • Original cataloging agency: OSt
  • Transcribing agency: OSt

150 ## - HEADING--TOPICAL TERM

  • Topical term or geographic name entry element: Drugs
  • General subdivision: Research
  • General subdivision: Statistical methods.

670 ## - SOURCE DATA FOUND

  • Source citation: Work cat.: (OSt)1094: Rowe, Philip. 2963, Essential statistics for the pharmaceutical sciences /, c2007.